000
00245 a2200097 4500
001
14860
100
_a
qureshi I.H
245
_a
the administration of the mug Hal empire
260
_a
Karachi
_b
Inter services press ltd
_c
090
_c
11630
_d
11630
942
_a
NUST-CAE
_c
M
_c
1815
999
_c
249933
_d
249933